Востановление спектров исследуемых источников при измерении характеристик ультрафиолетового излучения; Измерительная техника; № 3

מידע ביבליוגרפי
Parent link:Измерительная техника=Measurement Techniques: научно-технический журнал/ Российская Федерация, Федеральное агентство по техническому регулированию и метрологии (Ростехрегулирование) (Госстандарт России).— , 1940-1941, 1955-.— 0368-1025
№ 3.— 2002.— С. 24-27
מחבר ראשי: Семенова Н. А.
מחברים אחרים: Купко А. Д., Назаренко Л. А.
שפה:רוסית
יצא לאור: 2002
סדרה:Оптико-физические измерения
נושאים:
פורמט: Book Chapter
KOHA link:https://koha.lib.tpu.ru/cgi-bin/koha/opac-detail.pl?biblionumber=383555

MARC

LEADER 00000naa2a2200000 4500
001 383555
005 20231101063137.0
035 |a (RuTPU)RU\TPU\prd\9431 
090 |a 383555 
100 |a 20021224a2002 k y0rusy50 ca 
101 0 |a rus 
102 |a RU 
200 1 |a Востановление спектров исследуемых источников при измерении характеристик ультрафиолетового излучения  |f Н. А. Семенова, А. Д. Купко, Л. А. Назаренко 
225 1 |a Оптико-физические измерения 
461 1 |0 (RuTPU)RU\TPU\prd\1509  |x 0368-1025  |t Измерительная техника  |l Measurement Techniques  |o научно-технический журнал  |f Российская Федерация, Федеральное агентство по техническому регулированию и метрологии (Ростехрегулирование) (Госстандарт России)  |d 1940-1941, 1955- 
463 1 |0 (RuTPU)RU\TPU\prd\3912  |t № 3  |v С. 24-27  |d 2002 
610 1 |a спектры 
610 1 |a восстановление 
610 1 |a исследуемые источники 
610 1 |a измерение 
610 1 |a характеристики 
610 1 |a радиометры 
610 1 |a ультрафиолетовое излучение 
675 |a 551.510.534  |v 3 
700 1 |a Семенова  |b Н. А. 
701 1 |a Купко  |b А. Д. 
701 1 |a Назаренко  |b Л. А. 
801 1 |a RU  |b 63413507  |c 20021224  |g PSBO 
801 2 |a RU  |b 63413507  |c 20121214  |g RCR 
942 |c BK